| 000 | 00538nam a22001697a 4500 | ||
|---|---|---|---|
| 999 |
_c41045 _d41045 |
||
| 003 | OSt | ||
| 005 | 20210303114412.0 | ||
| 008 | 210303b ||||| |||| 00| 0 eng d | ||
| 020 | _a9780241317471 | ||
| 040 | _coclc | ||
| 082 |
_a954 _bBAS/I |
||
| 100 |
_98502 _aBasu, Siddhartha |
||
| 245 |
_aIndian Century : _bA Quizzical History Of The Makers And Making Of Modern India / _cSiddhartha Basu |
||
| 260 |
_aNew Delhi: _bPenguin Random House, _c2018. |
||
| 300 | _a224p | ||
| 942 |
_2ddc _cBK _h954 _iBAS/I _k954 _mBAS/I |
||